De rechtspositie van de gevangene
| Autor principal: | |
|---|---|
| Tipo de documento: | Print Libro |
| Lenguaje: | Holandés |
| Publicado: |
Assen
van Gorcum, Prakke & Prakke
1962
|
| En: |
Criminologische Studie͏̈n (N. R. 6)
Año: 1962 |
| Availability in Albert-Krebs Library: | NZ.10.076 2020-54 |
| Verificar disponibilidad: | HBZ Gateway |
| Servicio de pedido Subito: | Pedir ahora. |
| Palabras clave: |
MARC
| LEADER | 00000cam a2200000 c 4500 | ||
|---|---|---|---|
| 001 | 1147526788 | ||
| 003 | DE-627 | ||
| 005 | 20250626105404.0 | ||
| 007 | tu | ||
| 008 | 990517s1962 xx ||||| 00| ||dut c | ||
| 035 | |a (DE-627)1147526788 | ||
| 035 | |a (DE-576)077526783 | ||
| 035 | |a (DE-599)BSZ077526783 | ||
| 040 | |a DE-627 |b ger |c DE-627 |e rakwb | ||
| 041 | |a dut | ||
| 084 | |a 2,1 |2 ssgn | ||
| 100 | 1 | |a Geurts, Antonius C. |0 (DE-627)1249790980 |0 (DE-576)179790986 |4 aut | |
| 109 | |a Geurts, Antonius C. |a Geurts, A. C. | ||
| 245 | 1 | 3 | |a De rechtspositie van de gevangene |c A. C. Geurts |
| 264 | 1 | |a Assen |b van Gorcum, Prakke & Prakke |c 1962 | |
| 300 | |a 226 S. | ||
| 336 | |a Text |b txt |2 rdacontent | ||
| 337 | |a ohne Hilfsmittel zu benutzen |b n |2 rdamedia | ||
| 338 | |a Band |b nc |2 rdacarrier | ||
| 490 | 1 | |a Criminologische Studie͏̈n |v N. R. 6 | |
| 583 | 1 | |a Archivierung prüfen |c 20200919 |f DE-640 |z 2 |2 pdager | |
| 650 | 4 | |a Strafgefangener |x Rechtliche Lage |7 (dpeaa)DE-2619 | |
| 651 | 7 | |0 (DE-588)4042203-3 |0 (DE-627)104400765 |0 (DE-576)209049030 |a Niederlande |2 gnd |7 (dpeaa)DE-2619 | |
| 830 | 0 | |a Criminologische Studie͏̈n |v N. R. 6 |9 1006 |w (DE-627)1101197587 |w (DE-576)031197582 |7 am | |
| 935 | |a mkri | ||
| 951 | |a BO | ||
| ELC | |b 1 | ||
| LOK | |0 000 xxxxxcx a22 zn 4500 | ||
| LOK | |0 001 2357797622 | ||
| LOK | |0 003 DE-627 | ||
| LOK | |0 004 1147526788 | ||
| LOK | |0 005 20050322000000 | ||
| LOK | |0 008 050322||||||||||||||||ger||||||| | ||
| LOK | |0 040 |a DE-Frei85 |c DE-627 |d DE-Frei85 | ||
| LOK | |0 852 |a DE-Frei85 | ||
| LOK | |0 852 1 |m p |9 00 | ||
| LOK | |0 938 |k p | ||
| LOK | |0 939 |a 22-03-05 |b l01 | ||
| LOK | |0 000 xxxxxcx a22 zn 4500 | ||
| LOK | |0 001 4196236731 | ||
| LOK | |0 003 DE-627 | ||
| LOK | |0 004 1147526788 | ||
| LOK | |0 005 20221011150118 | ||
| LOK | |0 008 221011||||||||||||||||ger||||||| | ||
| LOK | |0 035 |a (DE-2619)k04069 | ||
| LOK | |0 040 |a DE-2619 |c DE-627 |d DE-2619 | ||
| LOK | |0 092 |o n | ||
| LOK | |0 541 |e Bestand Albert-Krebs-Bibliothek: 2020-54 | ||
| LOK | |0 852 |a DE-2619 | ||
| LOK | |0 852 1 |c NZ.10.076 |m p |9 00 | ||
| LOK | |0 935 |a kreb | ||
| LOK | |0 938 |k p | ||
| LOK | |0 939 |a 11-10-22 |b l01 | ||
| ORI | |a SA-MARC-krimdoka001.raw | ||
